| 000 | 00482nam a2200181Ia 4500 | ||
|---|---|---|---|
| 001 | 10655 | ||
| 005 | 20260306161848.0 | ||
| 008 | 260306t1970||||xx |||||||||||||| ||spa|| | ||
| 041 | _aESP | ||
| 082 |
_a946.042 _bM86 |
||
| 100 |
_aMoragas, Jerónimo de _eAUT |
||
| 245 | 0 |
_aDe Carlos I emperador a Carlos II el hechizado: _bhistoria humana de una dinastía |
|
| 260 | _c1970 | ||
| 300 |
_a381 páginas : _c22 cm. |
||
| 650 | _aGEN | ||
| 654 | _aCHU | ||
| 942 |
_cLIB _dJUS _fJUS _2ddc _n |
||
| 999 |
_c10655 _d10655 |
||